<?xml version="1.0" encoding="UTF-8"?>
<record
    xmlns:xsi="http://www.w3.org/2001/XMLSchema-instance"
    xsi:schemaLocation="http://www.loc.gov/MARC21/slim http://www.loc.gov/standards/marcxml/schema/MARC21slim.xsd"
    xmlns="http://www.loc.gov/MARC21/slim">

  <leader>01172nam a22003497a 4500</leader>
  <controlfield tag="003">CHAP</controlfield>
  <controlfield tag="005">20220817042658.0</controlfield>
  <controlfield tag="008">971013s1978            r     00010     d</controlfield>
  <datafield tag="010" ind1=" " ind2=" ">
    <subfield code="a">51958</subfield>
  </datafield>
  <datafield tag="011" ind1=" " ind2=" ">
    <subfield code="a">52930</subfield>
  </datafield>
  <datafield tag="035" ind1=" " ind2=" ">
    <subfield code="a">57080</subfield>
  </datafield>
  <datafield tag="040" ind1=" " ind2=" ">
    <subfield code="c">CHAP</subfield>
  </datafield>
  <datafield tag="090" ind1=" " ind2=" ">
    <subfield code="a">Tesis</subfield>
  </datafield>
  <datafield tag="100" ind1="0" ind2="0">
    <subfield code="a">S&#xE1;nchez Carmona, Gonzalo.</subfield>
    <subfield code="9">107395</subfield>
  </datafield>
  <datafield tag="245" ind1=" " ind2=" ">
    <subfield code="a">Servicio social en el programa nacional por hect&#xE1;rea de ma&#xED;z de temporal Plan Puebla</subfield>
  </datafield>
  <datafield tag="260" ind1=" " ind2=" ">
    <subfield code="a">M&#xE9;xico, D.F. :</subfield>
    <subfield code="b">El autor,</subfield>
    <subfield code="c">1978</subfield>
  </datafield>
  <datafield tag="300" ind1=" " ind2=" ">
    <subfield code="a">88 h.</subfield>
    <subfield code="b">; mapas</subfield>
  </datafield>
  <datafield tag="502" ind1=" " ind2=" ">
    <subfield code="a">Tesis (M&#xE9;dico Veterinario Zootecnista) -- UNAM. Fac. de Medicina Veterinaria y Zootecnia</subfield>
  </datafield>
  <datafield tag="590" ind1=" " ind2=" ">
    <subfield code="a">ALEPH</subfield>
    <subfield code="b">10</subfield>
    <subfield code="c">20130110</subfield>
    <subfield code="l">UCH01</subfield>
    <subfield code="h">1328</subfield>
  </datafield>
  <datafield tag="590" ind1=" " ind2=" ">
    <subfield code="a">BATCH-UPD</subfield>
    <subfield code="b">10</subfield>
    <subfield code="c">20130110</subfield>
    <subfield code="l">UCH01</subfield>
    <subfield code="h">1033</subfield>
  </datafield>
  <datafield tag="590" ind1=" " ind2=" ">
    <subfield code="a">BATCH-UPD</subfield>
    <subfield code="b">10</subfield>
    <subfield code="c">20130410</subfield>
    <subfield code="l">UCH01</subfield>
    <subfield code="h">0635</subfield>
  </datafield>
  <datafield tag="590" ind1=" " ind2=" ">
    <subfield code="a">BATCH-UPD</subfield>
    <subfield code="b">10</subfield>
    <subfield code="c">20130913</subfield>
    <subfield code="l">UCH01</subfield>
    <subfield code="h">2147</subfield>
  </datafield>
  <datafield tag="590" ind1=" " ind2=" ">
    <subfield code="a">CONVERSION</subfield>
    <subfield code="b">10</subfield>
    <subfield code="c">20130109</subfield>
    <subfield code="l">UCH01</subfield>
    <subfield code="h">1328</subfield>
  </datafield>
  <datafield tag="650" ind1="1" ind2="4">
    <subfield code="a">Agricultura de temporal.</subfield>
    <subfield code="9">1999</subfield>
  </datafield>
  <datafield tag="650" ind1="1" ind2="4">
    <subfield code="a">Desarrollo de la comunidad rural.</subfield>
    <subfield code="9">31995</subfield>
  </datafield>
  <datafield tag="650" ind1="1" ind2="4">
    <subfield code="a">Ma&#xED;z</subfield>
    <subfield code="z">Puebla.</subfield>
  </datafield>
  <datafield tag="650" ind1="1" ind2="4">
    <subfield code="a">Plan Puebla.</subfield>
    <subfield code="9">88678</subfield>
  </datafield>
  <datafield tag="650" ind1="1" ind2="4">
    <subfield code="a">Servicio social rural.</subfield>
    <subfield code="9">105320</subfield>
  </datafield>
  <datafield tag="901" ind1=" " ind2=" ">
    <subfield code="a">BK</subfield>
  </datafield>
  <datafield tag="942" ind1=" " ind2=" ">
    <subfield code="c">TESIS</subfield>
  </datafield>
  <datafield tag="949" ind1=" " ind2=" ">
    <subfield code="b">BC</subfield>
    <subfield code="c">TES</subfield>
    <subfield code="d">-124337</subfield>
    <subfield code="e">TS1</subfield>
    <subfield code="i">57080</subfield>
    <subfield code="s">i</subfield>
  </datafield>
  <datafield tag="999" ind1=" " ind2=" ">
    <subfield code="c">51958</subfield>
    <subfield code="d">51958</subfield>
  </datafield>
  <datafield tag="952" ind1=" " ind2=" ">
    <subfield code="0">0</subfield>
    <subfield code="1">0</subfield>
    <subfield code="2">local</subfield>
    <subfield code="4">0</subfield>
    <subfield code="5">1</subfield>
    <subfield code="7">0</subfield>
    <subfield code="8">TESIS</subfield>
    <subfield code="a">BC</subfield>
    <subfield code="b">BC</subfield>
    <subfield code="c">PA_TESIS</subfield>
    <subfield code="d">2012-12-17</subfield>
    <subfield code="f">TESIS</subfield>
    <subfield code="l">0</subfield>
    <subfield code="o">Tesis</subfield>
    <subfield code="p">-124337</subfield>
    <subfield code="r">2019-12-31 00:00:00</subfield>
    <subfield code="w">2019-12-31</subfield>
    <subfield code="y">TESIS</subfield>
  </datafield>
</record>
